|
|
|
|
| LEADER |
02940nam a2200553 4500 |
| 001 |
ocn867001310 |
| 003 |
OCoLC |
| 005 |
20170124070005.0 |
| 006 |
m o d |
| 007 |
cr ||||||||||| |
| 008 |
131230s2014 enk ob 001 0 eng |
| 010 |
|
|
|a 2013051076
|
| 040 |
|
|
|a DLC
|b eng
|e rda
|e pn
|c DLC
|d YDX
|d N$T
|d YDXCP
|d DG1
|d E7B
|d CDX
|d COO
|d B24X7
|d OCLCQ
|d DG1
|d GrThAP
|
| 020 |
|
|
|a 9781118797617
|q (ePub)
|
| 020 |
|
|
|a 1118797612
|q (ePub)
|
| 020 |
|
|
|a 9781118797624
|q (Adobe PDF)
|
| 020 |
|
|
|a 1118797620
|q (Adobe PDF)
|
| 020 |
|
|
|a 9781118797563
|q (electronic bk.)
|
| 020 |
|
|
|a 1118797566
|q (electronic bk.)
|
| 020 |
|
|
|a 1118359410
|
| 020 |
|
|
|a 9781118359419
|
| 020 |
|
|
|z 9781118359419
|q (cloth)
|
| 029 |
1 |
|
|a DEBBG
|b BV041877752
|
| 029 |
1 |
|
|a NZ1
|b 15497485
|
| 029 |
1 |
|
|a AU@
|b 000059222047
|
| 035 |
|
|
|a (OCoLC)867001310
|
| 042 |
|
|
|a pcc
|
| 050 |
0 |
0 |
|a TL262
|
| 072 |
|
7 |
|a TEC
|x 009000
|2 bisacsh
|
| 082 |
0 |
0 |
|a 629.2/440288
|2 23
|
| 049 |
|
|
|a MAIN
|
| 100 |
1 |
|
|a Tůma, Jiří
|c (Engineer)
|
| 245 |
1 |
0 |
|a Vehicle gearbox noise and vibration :b measurement, signal analysis, signal processing, and noise reduction measures /
|c by Jiri Tuma.
|
| 264 |
|
1 |
|a Chichster, West Sussex, United Kingdom :
|b John Wiley & Sons Inc.,
|c 2014.
|
| 300 |
|
|
|a 1 online resource.
|
| 336 |
|
|
|a text
|b txt
|2 rdacontent
|
| 337 |
|
|
|a computer
|b c
|2 rdamedia
|
| 338 |
|
|
|a online resource
|b cr
|2 rdacarrier
|
| 490 |
1 |
|
|a Automotive series
|
| 504 |
|
|
|a Includes bibliographical references and index.
|
| 588 |
0 |
|
|a Print version record and CIP data provided by publisher.
|
| 520 |
|
|
|a Key features of this book: Covers methods of processing noise and vibration signals; Takes a practical approach to the subject and includes a case study covering how to successfully reduce transmission noise; Describes the procedure for the measurement and calculation of the angular vibrations of gears during rotation; Considers various signal processing methods including order analysis, synchronous averaging, Vold-Kalman order tracking filtration and measuring the angular vibration. Vehicle Gearbox Noise and Vibration: Measurement, Signal Analysis, Signal Processing and Noise Reduction Measures is a comprehensive reference for designers of gearing systems and test engineers in the automotive industry and is also a useful source of information for graduate students in automotive and noise engineering. --
|c Edited summary from book.
|
| 650 |
|
0 |
|a Motor vehicles
|x Transmission devices
|x Noise.
|
| 650 |
|
7 |
|a TECHNOLOGY & ENGINEERING
|x Engineering (General)
|2 bisacsh
|
| 655 |
|
4 |
|a Electronic books.
|
| 776 |
0 |
8 |
|i Print version:
|a Tůma, Jiří (Engineer).
|t Vehicle gearbox noise and vibration.
|d Chichster, West Sussex, United Kingdom : John Wiley & Sons Inc., 2014
|z 9781118359419
|w (DLC) 2013041086
|
| 830 |
|
0 |
|a Automotive series (Wiley)
|
| 856 |
4 |
0 |
|u https://doi.org/10.1002/9781118797563
|z Full Text via HEAL-Link
|
| 994 |
|
|
|a 92
|b DG1
|